000 00635nam a2200241 a 4500
001 nice12345678
003 IN_TiNIC
005 20260116012146.0
008 050524s1960 lona grp 000 0 eng
020 _a
_c100
082 0 0 _a261.72
_bGOL
100 _aGollwitzer, Hellmut
245 _aDying We Live
_b Final Messages and Records of Some Germans Who Defied Hitler
260 _aLondon
_bCollin Clear Type Press
_c1960
300 _a252p
500 _aincludes index and biblioraphy
505 2 _aIndex
650 _aFreedom of Religion
650 _aBiography-Nazi
902 _bSRS
942 _cBK
999 _c5879
_d5879